Top 10 Città più popolose Città Metropolitana di Catania - Statistics

Statistiche generali
  • Questo quiz è stato fatto 28 volte
  • Il punteggio medio è 6 su 10
Statistiche sulle risposte
Popolazione (ab.) Città % Corretto
293 902 Catania
96%
51 456 Acireale
88%
47 356 Misterbianco
76%
47 870 Paternò
68%
38 123 Caltagirone
60%
28 114 Giarre
60%
35 549 Adrano
52%
26 543 Gravina di Catania
48%
28 749 Aci Catena
44%
29 984 Mascalucia
36%
Nessun quiz corrispondente trovato
Distribuzione punteggi
Percentuale di utenti per punteggio
Percentile per numero di risposta
I tuoi punteggi nel tempo
Non hai fatto questo quiz